00355nam a2200109Ia 4500008004100000020001500041040002900056050002000085100004400105245006800149260002800217230104s9999||||xx |||||||||||||| ||und|| a9966838104 cChuka University Library aQA276bN37 2004 aNassiuma, Dankit.K and Mwangi W. Jesse. 0aStatistical methods for information analysis : an introduction  aEGERTON bNAKURU c2004